Zdravotné poistenie a podnikateľ

Povinnosti zamestnanca a zamestnávateľa pri zmene poisťovne, ohlasovanie, spôsob výpočtu výšky poistného. Konkrétny príklad výpočtu poistného.

Gespeichert in:
Bibliographische Detailangaben
1. Verfasser: Szabová, Z.
Format: Buchkapitel
Sprache:Slowakisch
Schlagworte:
Tags: Tag hinzufügen
Keine Tags, Fügen Sie das erste Tag hinzu!

MARC

LEADER 00000naa a2200000 4500
001 r026534
005 20230824090236.3
041 0 |a slo 
044 |a SK 
245 1 0 |a Zdravotné poistenie a podnikateľ  |c Z. Szabová 
520 |a Povinnosti zamestnanca a zamestnávateľa pri zmene poisťovne, ohlasovanie, spôsob výpočtu výšky poistného. Konkrétny príklad výpočtu poistného. 
610 2 0 |a Slovensko 
610 2 0 |a 1994-1997 
610 2 0 |a poistenie zdravotné 
610 2 0 |a podnikatelia 
610 2 0 |a zákony 
610 2 0 |a poistné 
100 1 |a Szabová, Z.